Statistics for 言語が一番多い国々

Click here to take the quiz!

General Stats

  • This quiz has been taken 259 times
  • The average score is 11 of 20

Answer Stats

#% Correct
334アメリカ
95%
302中国
94%
455インド
93%
156ロシア
91%
228ブラジル
89%
710インドネシア
83%
194カナダ
82%
292メキシコ
76%
250オーストラリア
72%
841パプアニューギニア
53%
145マレーシア
53%
213コンゴ民主共和国
49%
526ナイジェリア
47%
191フィリピン
46%
118ミャンマー
38%
126タンザニア
27%
278カメルーン
20%
125ネパール
16%
117バヌアツ
5%
132チャッド
1%

Score Distribution

Percentile by Number Answered

Percent of People with Each Score

Your Score History

You have not taken this quiz